[Event "San Francisco TNM Spring op"]
[Site "San Francisco"]
[Date "2017.04.18"]
[Round "6"]
[White "Warton, Philip"]
[Black "Fuentes, Romulo C"]
[Result "0-1"]
[WhiteElo "1799"]
[BlackElo "2154"]
[PlyCount "74"]
[EventDate "2017.03.14"]
[EventType "swiss"]
[EventRounds "8"]
[EventCountry "USA"]
[SourceTitle "EXT 2023"]
[Source "ChessBase"]
[SourceDate "2022.10.05"]
[SourceVersion "1"]
[SourceVersionDate "2022.10.05"]
[SourceQuality "1"]

1. e4 c5 2. Nf3 d6 3. d4 cxd4 4. Nxd4 Nf6 5. Nc3 a6 6. Bg5 e6 7. f4 Qb6 8. Bxf6 gxf6 9. Qd2 Qxb2 10. Rb1 Qa3 11. Rb3 Qa5 12. Be2 Nc6 13. Nf3 b5 14. 0-0 Bb7 15. Qe3 Be7 16. f5 b4 17. fxe6 fxe6 18. Bc4 Nd8 19. Nd5 exd5 20. exd5 Nf7 21. Re1 Ne5 22. Nxe5 dxe5 23. d6 Bxd6 24. Kh1 Qc5 25. Qe2 e4 26. Rh3 h5 27. Bd3 f5 28. Rxh5 Rxh5 29. Qxh5+ Kd8 30. Bf1 Kc7 31. Qf7+ Kb6 32. Rd1 Qe5 33. g3 Rh8 34. Bg2 Rxh2+ 35. Kxh2 Qxg3+ 36. Kg1 Bc5+ 37. Kh1 Qh4+ 0-1

[Event "San Francisco TNM Spring op"]
[Site "San Francisco"]
[Date "2017.03.28"]
[Round "3"]
[White "Nassif, Wassim J"]
[Black "Fuentes, Romulo C"]
[Result "0-1"]
[WhiteElo "1135"]
[BlackElo "2154"]
[PlyCount "112"]
[EventDate "2017.03.14"]
[EventType "swiss"]
[EventRounds "8"]
[EventCountry "USA"]
[SourceTitle "EXT 2023"]
[Source "ChessBase"]
[SourceDate "2022.10.05"]
[SourceVersion "1"]
[SourceVersionDate "2022.10.05"]
[SourceQuality "1"]

1. e4 c5 2. Nf3 d6 3. h3 a6 4. Bc4 e6 5. Nc3 Nf6 6. a3 b5 7. Ba2 b4 8. axb4 cxb4 9. Na4 Bd7 10. Bb3 Nxe4 11. Qe2 Nf6 12. d3 Be7 13. 0-0 Nc6 14. Be3 Rb8 15. d4 Na5 16. Qxa6 Nxb3 17. cxb3 Bb5 18. Qa7 Bxf1 19. Kxf1 Nd5 20. Bd2 0-0 21. Rc1 Bf6 22. Rc4 h6 23. Ne1 Bg5 24. f4 Bxf4 25. Bxf4 Nxf4 26. Kf2 Qf6 27. Ke3 d5 28. Rc6 Qg5 29. Kf2 Qh4+ 30. Kf1 Qg3 31. Rc2 Ra8 32. Qc7 Qxb3 33. Nc5 Qe3 34. Qe5 Qxe5 35. dxe5 Rfc8 36. Rf2 Nxh3 37. gxh3 Rxc5 38. Nd3 Rc4 39. b3 Rd4 40. Rf3 Ra3 41. Nc5 Rd2 42. Re3 Ra1+ 43. Re1 Rxe1+ 44. Kxe1 Rh2 45. Na6 Rxh3 46. Nxb4 Rxb3 47. Nc2 h5 48. Ke2 h4 49. Ne1 h3 50. Nf3 h2 51. Nxh2 Rb2+ 52. Ke3 Rxh2 53. Kf3 Rh5 54. Kf4 Rf5+ 55. Ke3 Rxe5+ 56. Kd3 f6 0-1

[Event "San Francisco TNM Spring op"]
[Site "San Francisco"]
[Date "2016.03.22"]
[Round "2"]
[White "Chan, John"]
[Black "Fuentes, Romulo C"]
[Result "0-1"]
[WhiteElo "1561"]
[BlackElo "2208"]
[PlyCount "78"]
[EventDate "2016.03.15"]
[EventType "swiss"]
[EventRounds "8"]
[EventCountry "USA"]
[SourceTitle "EXT 2018"]
[Source "ChessBase"]
[SourceDate "2017.10.13"]
[SourceVersion "1"]
[SourceVersionDate "2017.10.13"]
[SourceQuality "1"]

1. d4 Nf6 2. Nf3 e6 3. a3 c5 4. e3 Nc6 5. c3 d5 6. Bb5 Bd6 7. dxc5 Bxc5 8. Ne5 Qb6 9. Bxc6+ bxc6 10. 0-0 0-0 11. Kh1 Ba6 12. Re1 Bd6 13. Nf3 Ng4 14. Qd2 e5 15. h3 Nf6 16. a4 Ne4 17. Qc2 f5 18. b4 Rf6 19. Ra2 Raf8 20. b5 cxb5 21. axb5 Bxb5 22. Ba3 Bc4 23. Bxd6 Qxd6 24. Rxa7 Bd3 25. Qa2 f4 26. exf4 Rxf4 27. Ra8 Bxb1 28. Rxf8+ Rxf8 29. Qxb1 Nxf2+ 30. Kg1 Nxh3+ 31. Kh1 e4 32. Nh2 Nf2+ 33. Kg1 Qc5 34. Nf1 Nd3+ 35. Kh1 Nxe1 36. Qxe1 d4 37. cxd4 Qxd4 38. Ng3 e3 39. Ne2 Qd2 0-1

[Event "San Francisco TNM Jay Whitehead op"]
[Site "San Francisco"]
[Date "2014.08.26"]
[Round "4"]
[White "Gaffagan, Steven"]
[Black "Fuentes, Romulo C"]
[Result "0-1"]
[WhiteElo "2129"]
[BlackElo "2215"]
[PlyCount "54"]
[EventDate "2014.08.05"]
[EventType "swiss"]
[EventRounds "9"]
[EventCountry "USA"]
[SourceTitle "EXT 2016"]
[Source "ChessBase"]
[SourceDate "2015.10.08"]
[SourceVersion "1"]
[SourceVersionDate "2015.10.08"]
[SourceQuality "1"]

1. d4 Nf6 2. c4 e5 3. dxe5 Ng4 4. Nf3 Bc5 5. e3 Nc6 6. Nc3 0-0 7. Be2 Ngxe5 8. a3 a5 9. b3 Re8 10. Bb2 Nxf3+ 11. Bxf3 Ne5 12. Qc2 c6 13. 0-0-0 Qe7 14. a4 d6 15. Ne2 Rb8 16. Nf4 Be6 17. Be4 g6 18. h4 h5 19. Bxg6 fxg6 20. Nxe6 Qxe6 21. Rhe1 Bb4 22. Re2 Kh7 23. f3 Qf5 24. e4 Qf4+ 25. Kb1 b5 26. cxb5 cxb5 27. g4 Rbc8 0-1

[Event "San Francisco TNM Summer op"]
[Site "San Francisco"]
[Date "2014.07.15"]
[Round "8"]
[White "Manvelyan, Hayk"]
[Black "Fuentes, Romulo C"]
[Result "0-1"]
[WhiteElo "2349"]
[BlackElo "2225"]
[PlyCount "100"]
[EventDate "2014.05.27"]
[EventType "swiss"]
[EventRounds "8"]
[EventCountry "USA"]
[SourceTitle "EXT 2016"]
[Source "ChessBase"]
[SourceDate "2015.10.08"]
[SourceVersion "1"]
[SourceVersionDate "2015.10.08"]
[SourceQuality "1"]

1. d4 Nf6 2. c4 e5 3. dxe5 Ng4 4. Nf3 Bc5 5. e3 Nc6 6. Bd2 0-0 7. Bc3 Qe7 8. Bd3 h6 9. Nbd2 Ngxe5 10. Bb1 d6 11. h3 a5 12. 0-0 Be6 13. b3 f5 14. Nd4 Bd7 15. N2f3 Bb4 16. Bb2 a4 17. a3 Bc5 18. Nxe5 Nxe5 19. b4 Ba7 20. Qc2 c5 21. Nb5 Bb8 22. Nc3 Bc6 23. Nd5 Bxd5 24. cxd5 c4 25. Qc3 b5 26. f4 Ng6 27. Kh1 Ra7 28. Bc2 Qf7 29. e4 Ne7 30. Rad1 fxe4 31. Bxe4 Nf5 32. g4 Nh4 33. Bb1 Re8 34. f5 Re2 35. Rfe1 Rae7 36. Rxe2 Rxe2 37. Bc1 Ba7 38. Qg3 Qe7 39. Rf1 Rf2 40. Rxf2 Qe1+ 41. Qg1 Qxf2 42. Qxf2 Bxf2 43. Be4 Kf7 44. Bf4 Ke7 45. Kh2 Bd4 46. Kg3 Bb2 47. g5 Nxf5+ 48. Bxf5 Bxa3 49. gxh6 gxh6 50. Bxh6 Bxb4 0-1

[Event "San Francisco TNM Summer op"]
[Site "San Francisco"]
[Date "2014.07.08"]
[Round "7"]
[White "Askin, Michael"]
[Black "Fuentes, Romulo C"]
[Result "0-1"]
[WhiteElo "1898"]
[BlackElo "2225"]
[PlyCount "88"]
[EventDate "2014.05.27"]
[EventType "swiss"]
[EventRounds "8"]
[EventCountry "USA"]
[SourceTitle "EXT 2016"]
[Source "ChessBase"]
[SourceDate "2015.10.08"]
[SourceVersion "1"]
[SourceVersionDate "2015.10.08"]
[SourceQuality "1"]

1. e4 c5 2. Nf3 e6 3. d4 cxd4 4. Nxd4 Nf6 5. Nc3 Bb4 6. Bd3 d6 7. 0-0 Nbd7 8. Nb3 0-0 9. f4 Bxc3 10. bxc3 Qc7 11. Qe1 b6 12. Ba3 Re8 13. Qh4 Bb7 14. Rae1 e5 15. c4 a6 16. f5 b5 17. Nd2 Nb6 18. cxb5 axb5 19. Bc1 Rxa2 20. Rf3 Nbd7 21. Rg3 Kf8 22. Nf1 Ra1 23. Qg5 Ke7 24. Bd2 Rxe1 25. Bxe1 Rg8 26. Ne3 Bc6 27. Bb4 h5 28. Rh3 Ke8 29. Qh4 Nc5 30. Nd5 Bxd5 31. exd5 Nxd3 32. Rxd3 Qxc2 33. Ra3 Qc1+ 34. Qe1 Qxe1+ 35. Bxe1 Ke7 36. Ra7+ Nd7 37. Bb4 Rc8 38. Ra6 Rc1+ 39. Kf2 Nc5 40. f6+ gxf6 41. Ra7+ Kf8 42. Ke3 Rc4 43. Ra8+ Kg7 44. Bd2 Rd4 0-1

[Event "San Francisco TNM Summer op"]
[Site "San Francisco"]
[Date "2014.06.17"]
[Round "4"]
[White "Rosenstein, Perry B"]
[Black "Fuentes, Romulo C"]
[Result "0-1"]
[WhiteElo "1725"]
[BlackElo "2225"]
[PlyCount "48"]
[EventDate "2014.05.27"]
[EventType "swiss"]
[EventRounds "8"]
[EventCountry "USA"]
[SourceTitle "EXT 2016"]
[Source "ChessBase"]
[SourceDate "2015.10.08"]
[SourceVersion "1"]
[SourceVersionDate "2015.10.08"]
[SourceQuality "1"]

1. e4 c5 2. d4 cxd4 3. c3 dxc3 4. Nxc3 Nc6 5. Nf3 a6 6. Bc4 e6 7. 0-0 Bc5 8. Bf4 b5 9. Bb3 Nge7 10. Qe2 0-0 11. Rac1 Qb6 12. Rfd1 Ng6 13. Bg3 Nd4 14. Nxd4 Bxd4 15. h4 Be5 16. h5 Bxg3 17. hxg6 fxg6 18. Rf1 Bb7 19. Rcd1 Rf7 20. Nd5 exd5 21. exd5 d6 22. Kh1 Rxf2 23. Rxf2 Qxf2 24. Qe6+ Qf7 0-1

[Event "San Francisco TNM Spring op"]
[Site "San Francisco"]
[Date "2014.05.06"]
[Round "8"]
[White "Fuentes, Romulo C"]
[Black "Lee, Andy C"]
[Result "0-1"]
[WhiteElo "2225"]
[BlackElo "2320"]
[PlyCount "82"]
[EventDate "2014.03.18"]
[EventType "swiss"]
[EventRounds "8"]
[EventCountry "USA"]
[SourceTitle "EXT 2016"]
[Source "ChessBase"]
[SourceDate "2015.10.08"]
[SourceVersion "1"]
[SourceVersionDate "2015.10.08"]
[SourceQuality "1"]

1. Nf3 Nf6 2. d4 g6 3. Nc3 d5 4. Bf4 Bg7 5. Qd2 c6 6. Bh6 Bxh6 7. Qxh6 Bf5 8. Qd2 Nbd7 9. h3 Qc7 10. e3 0-0 11. Bd3 Bxd3 12. cxd3 e5 13. 0-0 Rfe8 14. dxe5 Nxe5 15. Nxe5 Qxe5 16. Ne2 a5 17. Rac1 Nd7 18. Rc3 Qd6 19. d4 Nf6 20. Rb3 Ne4 21. Qc2 Re7 22. a4 Qd7 23. Nf4 Qf5 24. Nd3 Nd6 25. Rc1 Rae8 26. Ne5 Qxc2 27. Rxc2 f6 28. Nd3 Nc4 29. Nc5 b6 30. Rxc4 dxc4 31. Rxb6 Rc8 32. Kf1 Ree8 33. Na6 f5 34. g3 g5 35. Ke2 f4 36. gxf4 gxf4 37. Kf3 fxe3 38. fxe3 Re6 39. Nb8 Rh6 40. h4 Rf8+ 41. Ke4 Re6# 0-1

[Event "San Francisco TNM Spring op"]
[Site "San Francisco"]
[Date "2013.05.07"]
[Round "8"]
[White "Fuentes, Romulo C"]
[Black "Byambaa, Uyanga"]
[Result "1-0"]
[WhiteElo "2220"]
[BlackElo "2113"]
[PlyCount "51"]
[EventDate "2013.03.19"]
[EventType "swiss"]
[EventRounds "8"]
[EventCountry "USA"]
[SourceTitle "EXT 2016"]
[Source "ChessBase"]
[SourceDate "2015.10.08"]
[SourceVersion "1"]
[SourceVersionDate "2015.10.08"]
[SourceQuality "1"]

1. e4 c5 2. Nf3 d6 3. d4 cxd4 4. Nxd4 Nf6 5. Nc3 g6 6. Be3 Bg7 7. f3 0-0 8. Qd2 Nc6 9. Bc4 Bd7 10. h4 Rc8 11. Bb3 Ne5 12. 0-0-0 Nc4 13. Bxc4 Rxc4 14. h5 Nxh5 15. g4 Nf6 16. Nde2 Qa5 17. Bh6 Rfc8 18. Bxg7 Kxg7 19. Qh6+ Kg8 20. Rd5 b5 21. e5 dxe5 22. Rxd7 b4 23. g5 Nh5 24. Rxh5 gxh5 25. g6 fxg6 26. Rxe7 1-0

[Event "San Francisco TNM Winter op"]
[Site "San Francisco"]
[Date "2013.02.19"]
[Round "7"]
[White "Fuentes, Romulo C"]
[Black "Winslow, Elliott C"]
[Result "1/2-1/2"]
[WhiteElo "2229"]
[BlackElo "2319"]
[PlyCount "62"]
[EventDate "2013.01.08"]
[EventType "swiss"]
[EventRounds "8"]
[EventCountry "USA"]
[SourceTitle "EXT 2016"]
[Source "ChessBase"]
[SourceDate "2015.10.08"]
[SourceVersion "1"]
[SourceVersionDate "2015.10.08"]
[SourceQuality "1"]

1. e4 c5 2. Nf3 d6 3. d4 cxd4 4. Qxd4 Bd7 5. Be3 Nc6 6. Qd2 Nf6 7. Nc3 Qa5 8. Be2 Rc8 9. 0-0 e6 10. Rfd1 Be7 11. Bf4 Ne5 12. Nxe5 dxe5 13. Bg5 Bc6 14. Bxf6 Bxf6 15. Nb5 Qxd2 16. Rxd2 Rd8 17. Nd6+ Ke7 18. Rad1 Rd7 19. f3 Rhd8 20. Nc4 Rxd2 21. Rxd2 Rxd2 22. Nxd2 Bg5 23. Nc4 Bb5 24. Kf2 Bxc4 25. Bxc4 Bc1 26. b3 Kd6 27. a4 a6 28. Ke2 Kc5 29. c3 b5 30. axb5 axb5 31. Bd3 b4 1/2-1/2

[Event "San Francisco TNM Winter op"]
[Site "San Francisco"]
[Date "2013.01.22"]
[Round "3"]
[White "Fuentes, Romulo C"]
[Black "Cendejas, Jesus"]
[Result "1-0"]
[WhiteElo "2229"]
[BlackElo "1916"]
[PlyCount "85"]
[EventDate "2013.01.08"]
[EventType "swiss"]
[EventRounds "8"]
[EventCountry "USA"]
[SourceTitle "EXT 2016"]
[Source "ChessBase"]
[SourceDate "2015.10.08"]
[SourceVersion "1"]
[SourceVersionDate "2015.10.08"]
[SourceQuality "1"]

1. e4 e6 2. d4 d5 3. e5 c5 4. c3 Nc6 5. Nf3 cxd4 6. cxd4 Bb4+ 7. Bd2 Qb6 8. Bc3 Nge7 9. Nbd2 Nf5 10. a3 Bxc3 11. bxc3 Na5 12. Bd3 Bd7 13. 0-0 Rc8 14. Qc2 h6 15. h4 Qd8 16. h5 Nc4 17. Nxc4 Rxc4 18. Bxc4 dxc4 19. Qd2 Bc6 20. Qf4 0-0 21. a4 Qa5 22. Rfc1 Ne7 23. Nh2 Qd5 24. f3 f5 25. Nf1 Qd7 26. Ne3 Nd5 27. Nxd5 Bxd5 28. a5 Qe8 29. Qh4 f4 30. Kf2 Rf5 31. Rh1 Qf8 32. Rhe1 Qe8 33. Reb1 Qf8 34. Rb5 Rg5 35. Qh3 Rg3 36. Qh4 Kh7 37. Rc5 Qf5 38. Rc1 Qd3 39. Qxf4 Rg5 40. g4 Bxf3 41. Qxf3 Qd2+ 42. Kg3 Qxc1 43. Qe4+ 1-0

[Event "San Francisco TNM Winter op"]
[Site "San Francisco"]
[Date "2013.01.15"]
[Round "2"]
[White "Krasnov, Steven Lender"]
[Black "Fuentes, Romulo C"]
[Result "1/2-1/2"]
[WhiteElo "1958"]
[BlackElo "2229"]
[PlyCount "74"]
[EventDate "2013.01.08"]
[EventType "swiss"]
[EventRounds "8"]
[EventCountry "USA"]
[SourceTitle "EXT 2016"]
[Source "ChessBase"]
[SourceDate "2015.10.08"]
[SourceVersion "1"]
[SourceVersionDate "2015.10.08"]
[SourceQuality "1"]

1. Nf3 c5 2. e4 d6 3. d4 cxd4 4. Nxd4 Nf6 5. Nc3 a6 6. Be2 e5 7. Nb3 Be6 8. 0-0 Nbd7 9. Be3 Be7 10. Qd2 b5 11. f3 Nb6 12. Rad1 0-0 13. Bg5 Nc4 14. Bxc4 bxc4 15. Nc1 Qb6+ 16. Kh1 Qxb2 17. N1e2 Rfd8 18. Rb1 Qa3 19. Rb7 Kf8 20. f4 Qc5 21. Ng3 Ra7 22. Na4 Rxb7 23. Nxc5 dxc5 24. Qa5 exf4 25. Bxf4 Rb2 26. c3 h5 27. h3 h4 28. Nf5 Bxf5 29. exf5 Nh5 30. Qc7 Nxf4 31. Qxf4 Rxa2 32. Qxc4 Rdd2 33. f6 Bxf6 34. Qxc5+ Kg8 35. Qc8+ Rd8 36. Qg4 Rd6 37. Qc8+ Rd8 1/2-1/2

[Event "San Francisco TNM Fall op"]
[Site "San Francisco"]
[Date "2012.11.27"]
[Round "7"]
[White "Winslow, Elliott C"]
[Black "Fuentes, Romulo C"]
[Result "1/2-1/2"]
[WhiteElo "2293"]
[BlackElo "2217"]
[PlyCount "78"]
[EventDate "2012.10.16"]
[EventType "swiss"]
[EventRounds "9"]
[EventCountry "USA"]
[SourceTitle "EXT 2014"]
[Source "ChessBase"]
[SourceDate "2013.11.20"]
[SourceVersion "1"]
[SourceVersionDate "2013.11.20"]
[SourceQuality "1"]

1. d4 Nf6 2. c4 e6 3. Nf3 c5 4. d5 exd5 5. cxd5 Bd6 6. g3 0-0 7. Bg2 Re8 8. 0-0 a6 9. a4 Bf8 10. Nfd2 d6 11. Nc3 Nbd7 12. h3 Rb8 13. Nc4 Qc7 14. a5 b5 15. axb6 Nxb6 16. b3 Nxc4 17. bxc4 g6 18. Qd3 Bg7 19. Bd2 Nd7 20. f4 f5 21. Rac1 Nf6 22. Rfe1 Rb2 23. Rb1 Rb4 24. e4 Rxb1 25. Qxb1 Nxe4 26. Nxe4 fxe4 27. Rxe4 Bd4+ 28. Kh2 Bd7 29. Rxe8+ Bxe8 30. Qe1 Bf7 31. h4 Qb6 32. h5 gxh5 33. Ba5 Qb7 34. Qe2 Bf6 35. Bh3 Kg7 36. Bf5 Qb3 37. Bc7 a5 38. Bxa5 Qb7 39. Kh3 Qa7 1/2-1/2